[Event "Barcelona Sant Marti op 11th"]
[Site "Barcelona"]
[Date "2024.01.18"]
[Round "2"]
[White "Daunis Diaz De Quijano, Guillermo"]
[Black "Olleta Tanya, Jordi"]
[Result "1-0"]
[WhiteElo "1601"]
[BlackElo "1300"]
[PlyCount "67"]
[EventDate "2024.01.11"]
[EventType "swiss"]
[EventRounds "9"]
[EventCountry "ESP"]
[SourceTitle "CB11_2024"]
[SourceDate "2024.03.13"]
[SourceVersion "1"]
[SourceVersionDate "2024.03.13"]
[SourceQuality "1"]

1. e4 e5 2. Nf3 d6 3. d4 exd4 4. Nxd4 Be7 5. Nc3 c6 6. Bc4 Nf6 7. Be3 Bg4 8. f3 Bh5 9. g4 Bg6 10. h4 h5 11. g5 Nfd7 12. f4 b5 13. Bb3 Nc5 14. f5 Nxb3 15. axb3 Bh7 16. Qf3 b4 17. Na4 c5 18. Ne2 Nd7 19. 0-0-0 Ne5 20. Qg3 Qc7 21. Nf4 0-0-0 22. Nd5 Qb7 23. Nxc5 dxc5 24. Qxe5 Bd6 25. Qxg7 Rdg8 26. Qf6 Re8 27. Qxd6 Rxe4 28. Qxc5+ Kb8 29. Bf4+ Rxf4 30. Nxf4 Rc8 31. Qe5+ Ka8 32. Qd5 Rc6 33. Rhe1 Qc7 34. Qd8+ 1-0

[Event "Barcelona Sant Marti op-B 20th"]
[Site "Barcelona"]
[Date "2018.07.19"]
[Round "7"]
[White "Domenche Redondo, Francesco"]
[Black "Olleta Tanya, Jordi"]
[Result "1-0"]
[WhiteElo "1652"]
[BlackElo "1409"]
[PlyCount "103"]
[EventDate "2018.07.13"]
[EventType "swiss"]
[EventRounds "9"]
[EventCountry "ESP"]
[SourceTitle "EXT 2019"]
[Source "ChessBase"]
[SourceDate "2018.10.10"]
[SourceVersion "1"]
[SourceVersionDate "2018.10.10"]
[SourceQuality "1"]

1. d4 e6 2. f4 Nf6 3. e3 d5 4. Bd3 c5 5. c3 Bd7 6. Nf3 c4 7. Bc2 a6 8. Nbd2 Nc6 9. Ne5 Nxe5 10. fxe5 Ne4 11. Bxe4 dxe4 12. 0-0 Be7 13. Nxc4 b5 14. Nd6+ Bxd6 15. exd6 Bc6 16. Qh5 0-0 17. Qe5 Bd5 18. Bd2 f6 19. Qg3 f5 20. a4 Rf6 21. axb5 Rg6 22. Qe5 Bc4 23. Rf2 Bxb5 24. b3 Bd7 25. c4 h6 26. Ba5 Qb8 27. b4 Qc8 28. Bc7 Qb7 29. Qc5 Rf6 30. Rfa2 Rff8 31. b5 axb5 32. Ra7 Rxa7 33. Rxa7 Qc6 34. cxb5 Qxb5 35. Qc1 Rf7 36. Ra8+ Kh7 37. Rb8 Qd3 38. g3 g5 39. d5 exd5 40. Bb6 f4 41. Bd4 f3 42. Rb2 f2+ 43. Rxf2 Rxf2 44. Kxf2 Kg6 45. Qf1 Qd2+ 46. Kg1 Qb4 47. Qf6+ Kh5 48. Qf7+ Kg4 49. Qxd7+ Kf3 50. Qf7+ Ke2 51. Qf1+ Kd2 52. d7 1-0

[Event "Barcelona Sant Marti op-B 17th"]
[Site "Barcelona"]
[Date "2015.07.16"]
[Round "4"]
[White "Calbet Freixanet, Eduard"]
[Black "Olleta Tanya, Jordi"]
[Result "1-0"]
[WhiteElo "1890"]
[BlackElo "1720"]
[PlyCount "75"]
[EventDate "2015.07.13"]
[EventType "swiss"]
[EventRounds "9"]
[EventCountry "ESP"]
[SourceTitle "EXT 2016"]
[Source "ChessBase"]
[SourceDate "2015.10.08"]
[SourceVersion "1"]
[SourceVersionDate "2015.10.08"]
[SourceQuality "1"]

1. d4 Nf6 2. c4 g6 3. Nc3 Bg7 4. e4 d6 5. f3 0-0 6. Be3 e5 7. Nge2 b6 8. g4 h5 9. gxh5 Nxh5 10. Ng3 Qh4 11. Bf2 Nxg3 12. Bxg3 Qg5 13. Bf2 exd4 14. Bxd4 Nc6 15. h4 Qg3+ 16. Bf2 Qe5 17. Qd2 f5 18. 0-0-0 f4 19. Nd5 Rf7 20. Be2 Be6 21. Rdg1 Bxd5 22. cxd5 Ne7 23. Rg5 Qf6 24. Bf1 c5 25. Bh3 Bh6 26. Be6 Bxg5 27. Bxf7+ Kxf7 28. hxg5 Qe5 29. Be1 b5 30. Qg2 b4 31. a3 a5 32. Qg4 Rb8 33. Rh7+ Kg8 34. Rh1 bxa3 35. Bc3 axb2+ 36. Kc2 b1Q+ 37. Rxb1 Rxb1 38. Bxe5 1-0

[Event "Barcelona Sant Marti op-B 4th"]
[Site "Barcelona"]
[Date "2015.03.05"]
[Round "8"]
[White "Orts Gonzalez, Rafael"]
[Black "Olleta Tanya, Jordi"]
[Result "0-1"]
[WhiteElo "1700"]
[BlackElo "1761"]
[PlyCount "96"]
[EventDate "2015.01.15"]
[EventType "swiss"]
[EventRounds "9"]
[EventCountry "ESP"]
[SourceTitle "EXT 2016"]
[Source "ChessBase"]
[SourceDate "2015.10.08"]
[SourceVersion "1"]
[SourceVersionDate "2015.10.08"]
[SourceQuality "1"]

1. b3 e5 2. Bb2 Nc6 3. g3 d5 4. Bg2 Nf6 5. c4 d4 6. a3 Be7 7. d3 0-0 8. Nd2 Bf5 9. Rc1 Rb8 10. c5 Nd5 11. b4 Bg5 12. Rc4 Nce7 13. Ndf3 Bf6 14. Nh3 Qd7 15. 0-0 Bxh3 16. Bxh3 Qxh3 17. Bc1 Nc3 18. Qc2 Ned5 19. c6 b5 20. Rc5 Be7 21. Nxe5 Rbc8 22. Nd7 Bxc5 23. Nxc5 Rfe8 24. Re1 Re5 25. Bf4 Rh5 26. g4 Qxg4+ 27. Bg3 Nf4 28. f3 Qg5 29. e3 Nh3+ 30. Kh1 Qd5 31. Ne4 Nxe4 32. dxe4 Qc4 33. Qg2 Qxc6 34. Be5 Rxe5 35. Qxh3 Qe6 36. Qf1 dxe3 37. Rxe3 h6 38. Qd3 Qe7 39. f4 Rh5 40. h3 a6 41. f5 c5 42. e5 Rd8 43. Qf1 cxb4 44. Qf3 Qg5 45. e6 Qxf5 46. exf7+ Qxf7 47. Qe2 bxa3 48. Rxa3 Qd5+ 0-1

[Event "Barcelona Sant Marti op-B 4th"]
[Site "Barcelona"]
[Date "2015.02.05"]
[Round "4"]
[White "Romero Funieles, Rafael de Jesus"]
[Black "Olleta Tanya, Jordi"]
[Result "1-0"]
[WhiteElo "1867"]
[BlackElo "1761"]
[PlyCount "35"]
[EventDate "2015.01.15"]
[EventType "swiss"]
[EventRounds "9"]
[EventCountry "ESP"]
[SourceTitle "EXT 2016"]
[Source "ChessBase"]
[SourceDate "2015.10.08"]
[SourceVersion "1"]
[SourceVersionDate "2015.10.08"]
[SourceQuality "1"]

1. d4 Nf6 2. Nf3 d5 3. Nc3 e6 4. a3 Nbd7 5. Bg5 Be7 6. h3 c5 7. e3 Qb6 8. Rb1 cxd4 9. exd4 a6 10. Bd3 Qd6 11. 0-0 Nh5 12. Bxe7 Qxe7 13. Nxd5 Qd6 14. Nc3 0-0 15. Bxh7+ Kxh7 16. Ng5+ Kg6 17. Qd3+ Kxg5 18. Ne4+ 1-0

[Event "Mataro op 11th"]
[Site "Mataro"]
[Date "2014.11.15"]
[Round "8"]
[White "Fernandez Arroyo, Alex"]
[Black "Olleta Tanya, Jordi"]
[Result "0-1"]
[WhiteElo "1780"]
[BlackElo "1749"]
[PlyCount "64"]
[EventDate "2014.09.27"]
[EventType "swiss"]
[EventRounds "9"]
[EventCountry "ESP"]
[SourceTitle "EXT 2016"]
[Source "ChessBase"]
[SourceDate "2015.10.08"]
[SourceVersion "1"]
[SourceVersionDate "2015.10.08"]
[SourceQuality "1"]

1. e4 c5 2. d3 Nc6 3. Nf3 d6 4. g3 Bg4 5. Bg2 e5 6. 0-0 Nd4 7. Nbd2 Qd7 8. Re1 Be7 9. c3 Nxf3+ 10. Nxf3 Nf6 11. Be3 0-0 12. Qd2 Nh5 13. h4 Bh3 14. Bh1 f5 15. exf5 Qxf5 16. Ng5 Bxg5 17. Bxg5 Rab8 18. Be7 Rfe8 19. Bxd6 Rbd8 20. Be4 Qc8 21. Bxe5 Rxe5 22. Bxh7+ Kxh7 23. Rxe5 Nf6 24. Qg5 Qc6 25. f3 Qxf3 26. Qd2 Qxg3+ 27. Kh1 Qxe5 28. Re1 Qd5+ 29. Kh2 Qxd3 30. Qxd3+ Rxd3 31. Re7 Ng4+ 32. Kg1 Rd1+ 0-1

[Event "Mataro op 11th"]
[Site "Mataro"]
[Date "2014.10.18"]
[Round "4"]
[White "Olive Alier, Tomas"]
[Black "Olleta Tanya, Jordi"]
[Result "1/2-1/2"]
[WhiteElo "1885"]
[BlackElo "1749"]
[PlyCount "140"]
[EventDate "2014.09.27"]
[EventType "swiss"]
[EventRounds "9"]
[EventCountry "ESP"]
[SourceTitle "EXT 2016"]
[Source "ChessBase"]
[SourceDate "2015.10.08"]
[SourceVersion "1"]
[SourceVersionDate "2015.10.08"]
[SourceQuality "1"]

1. d4 Nf6 2. c4 d5 3. Nc3 c6 4. cxd5 cxd5 5. Nf3 Nc6 6. e3 e6 7. a3 Bd6 8. Bd3 e5 9. dxe5 Nxe5 10. Bb5+ Bd7 11. Nd4 0-0 12. 0-0 Neg4 13. h3 Bxb5 14. Ncxb5 Ne5 15. Bd2 Bc5 16. Nb3 Be7 17. Bc3 Nc4 18. N5d4 Ne4 19. Nf5 Nxc3 20. Nxe7+ Qxe7 21. bxc3 Rfd8 22. a4 Qe5 23. Nd4 h6 24. Qc2 Rac8 25. Rfd1 Qe4 26. Rd3 Nb2 27. Rd2 Qxc2 28. Rxc2 Nc4 29. Rac1 a6 30. Rd1 g6 31. Ne2 b5 32. axb5 axb5 33. Rd4 Rb8 34. Nf4 b4 35. cxb4 Rxb4 36. Rxd5 Rxd5 37. Nxd5 Rb1+ 38. Kh2 Ne5 39. Kg3 Kg7 40. Ne7 Rb7 41. Nc8 Nd3 42. Rd2 Nc5 43. Kf3 Ne6 44. Nd6 Ra7 45. Ne4 Rc7 46. Nd6 Ra7 47. Rb2 Ng5+ 48. Ke2 h5 49. h4 Ne6 50. f3 f6 51. Kf2 f5 52. Kg3 Kf6 53. Nc4 g5 54. hxg5+ Nxg5 55. Rb6+ Ne6 56. f4 Rg7+ 57. Kh3 Rg4 58. Ne5 Rg7 59. g3 Rc7 60. Nc6 Kf7 61. Kh4 Nc5 62. Kxh5 Nd7 63. Ra6 Nf6+ 64. Kh4 Ng4 65. Ra7 Rxa7 66. Nxa7 Nxe3 67. Nc6 Kf6 68. Nd4 Ng4 69. Kh3 Nh6 70. Nxf5 Kxf5 1/2-1/2

[Event "Mataro op 11th"]
[Site "Mataro"]
[Date "2014.10.04"]
[Round "2"]
[White "Olleta Tanya, Jordi"]
[Black "Burset Camps, Guillem"]
[Result "1-0"]
[WhiteElo "1749"]
[BlackElo "1862"]
[PlyCount "57"]
[EventDate "2014.09.27"]
[EventType "swiss"]
[EventRounds "9"]
[EventCountry "ESP"]
[SourceTitle "EXT 2016"]
[Source "ChessBase"]
[SourceDate "2015.10.08"]
[SourceVersion "1"]
[SourceVersionDate "2015.10.08"]
[SourceQuality "1"]

1. Nf3 d5 2. d4 e6 3. g3 Be7 4. Bg2 Nf6 5. 0-0 0-0 6. Nc3 c5 7. Re1 Nc6 8. e3 Bd7 9. Ne5 Rc8 10. Nxd7 Qxd7 11. Bh3 a6 12. Na4 Nxd4 13. Nb6 Qc6 14. Nxc8 Rxc8 15. exd4 cxd4 16. Bg5 h6 17. Bxf6 Bxf6 18. Rc1 Bg5 19. f4 Bf6 20. Qd3 b5 21. Kh1 b4 22. Bf1 Qc4 23. Qxc4 dxc4 24. b3 cxb3 25. cxb3 Rc3 26. Bxa6 Kf8 27. Rxc3 dxc3 28. Bd3 Ke7 29. Re4 1-0

[Event "Barcelona Sant Marti op-B 16th"]
[Site "Barcelona"]
[Date "2014.07.19"]
[Round "7"]
[White "Sanchez Viana, Jordi"]
[Black "Olleta Tanya, Jordi"]
[Result "1-0"]
[WhiteElo "1862"]
[BlackElo "1749"]
[PlyCount "123"]
[EventDate "2014.07.13"]
[EventType "swiss"]
[EventRounds "9"]
[EventCountry "ESP"]
[SourceTitle "CBM 161 Extra"]
[Source "ChessBase"]
[SourceDate "2014.08.29"]
[SourceVersion "1"]
[SourceVersionDate "2014.08.29"]
[SourceQuality "1"]

1. e4 c5 2. Nf3 d6 3. d4 cxd4 4. Nxd4 Nf6 5. Nc3 a6 6. Be3 e5 7. Nf3 Bg4 8. Be2 Be7 9. 0-0 Bh5 10. h3 Bg6 11. Bd3 Nh5 12. Nd5 0-0 13. Bb6 Qd7 14. Nc7 Nc6 15. Nxa8 Rxa8 16. a3 Nf4 17. Kh2 Nxd3 18. Qxd3 f5 19. exf5 Bxf5 20. Qd2 e4 21. Ng5 d5 22. Rfe1 h6 23. Nxe4 Bxe4 24. Rxe4 Bd6+ 25. Kh1 dxe4 26. Qd5+ Kh8 27. Rd1 Re8 28. Qxd6 Qf5 29. Qd7 Qxd7 30. Rxd7 Re7 31. Rxe7 Nxe7 32. Kg1 Kg8 33. Kf1 Nd5 34. Bd4 Kf7 35. g3 g6 36. Ke2 Ke6 37. c4 Ne7 38. g4 h5 39. Ke3 hxg4 40. hxg4 Nc6 41. Kxe4 Na5 42. c5 Nb3 43. Be3 Na5 44. f4 Nc4 45. Bc1 Na5 46. f5+ gxf5+ 47. gxf5+ Kf6 48. Bd2 Nc6 49. Bc3+ Ke7 50. Kd5 Nd8 51. f6+ Kd7 52. b4 Nf7 53. a4 Nd8 54. b5 axb5 55. axb5 Nf7 56. c6+ bxc6+ 57. bxc6+ Ke8 58. Ba5 Ng5 59. Ke5 Nf3+ 60. Kd6 Nd4 61. c7 Nb5+ 62. Kc6 1-0

[Event "Barcelona Sant Marti op-B 16th"]
[Site "Barcelona"]
[Date "2014.07.16"]
[Round "4"]
[White "Olleta Tanya, Jordi"]
[Black "Ferre Navarro, Joan"]
[Result "0-1"]
[WhiteElo "1749"]
[BlackElo "1846"]
[PlyCount "82"]
[EventDate "2014.07.13"]
[EventType "swiss"]
[EventRounds "9"]
[EventCountry "ESP"]
[SourceTitle "CBM 161 Extra"]
[Source "ChessBase"]
[SourceDate "2014.08.29"]
[SourceVersion "1"]
[SourceVersionDate "2014.08.29"]
[SourceQuality "1"]

1. c4 e5 2. Nc3 Bc5 3. e3 Nc6 4. a3 a6 5. Ne4 Ba7 6. c5 Nf6 7. Nxf6+ Qxf6 8. b4 e4 9. Rb1 0-0 10. Bb2 Qg6 11. d4 d5 12. g3 Ne7 13. Bg2 c6 14. Nh3 Bg4 15. Qc2 Bb8 16. Kd2 Qf5 17. Nf4 Ng6 18. Kc3 a5 19. h3 axb4+ 20. axb4 Bh5 21. g4 Bxg4 22. hxg4 Qxg4 23. Bh3 Qg5 24. Rbg1 Qf6 25. Nh5 Qe7 26. Qe2 Bc7 27. Ra1 b6 28. Ra6 bxc5 29. bxc5 Ba5+ 30. Kc2 Qb7 31. Rxa8 Rxa8 32. Ra1 Qb4 33. Bd7 Rb8 34. Kc1 Ne7 35. Rb1 Rb7 36. Bh3 Ng6 37. Kd1 Nh4 38. Bc8 Rb8 39. Bd7 Nf3 40. Bxc6 Ng1 41. Bc3 Qxb1+ 0-1

[Event "Foment Martinenc op-B 15th"]
[Site "Barcelona"]
[Date "2013.06.01"]
[Round "7"]
[White "Olleta Tanya, Jordi"]
[Black "Aguadero Casado, Jorge Ignacio"]
[Result "0-1"]
[WhiteElo "1527"]
[BlackElo "1935"]
[PlyCount "32"]
[EventDate "2013.04.20"]
[EventType "swiss"]
[EventRounds "9"]
[EventCountry "ESP"]
[SourceTitle "CBM 154 Extra"]
[Source "ChessBase"]
[SourceDate "2013.06.25"]
[SourceVersion "2"]
[SourceVersionDate "2013.06.25"]
[SourceQuality "1"]

1. d4 Nf6 2. c4 e6 3. Nc3 Bb4 4. a3 Bxc3+ 5. bxc3 b6 6. d5 Bb7 7. Bg5 h6 8. Bxf6 Qxf6 9. Rc1 0-0 10. e4 exd5 11. cxd5 Qe7 12. f3 f5 13. Qb3 Qg5 14. Kd1 fxe4 15. c4 Na6 16. fxe4 Rxf1+ 0-1

[Event "Foment Martinenc op-B 15th"]
[Site "Barcelona"]
[Date "2013.05.25"]
[Round "6"]
[White "Cespedes Llaverias, Llibert"]
[Black "Olleta Tanya, Jordi"]
[Result "1/2-1/2"]
[WhiteElo "1353"]
[BlackElo "1527"]
[PlyCount "70"]
[EventDate "2013.04.20"]
[EventType "swiss"]
[EventRounds "9"]
[EventCountry "ESP"]
[SourceTitle "CBM 154 Extra"]
[Source "ChessBase"]
[SourceDate "2013.06.25"]
[SourceVersion "2"]
[SourceVersionDate "2013.06.25"]
[SourceQuality "1"]

1. e4 e5 2. Nf3 Nc6 3. Bc4 Be7 4. d3 Nf6 5. c3 d6 6. Nbd2 Bg4 7. 0-0 Na5 8. Bb5+ c6 9. Ba4 b5 10. Bc2 c5 11. h3 Bc8 12. Re1 0-0 13. Nf1 Nc6 14. Ng3 Ne8 15. d4 Nb8 16. dxc5 dxc5 17. Qxd8 Bxd8 18. Nxe5 Bc7 19. Nd3 c4 20. Nf4 Nc6 21. a4 b4 22. Nge2 b3 23. Bb1 f5 24. Nd5 Bd6 25. Ne3 Ne5 26. exf5 Nd3 27. Bxd3 cxd3 28. Nd4 Rb8 29. Nc4 Bxf5 30. Nxf5 Rxf5 31. Nxd6 Nxd6 32. Rd1 Rd5 33. Be3 a6 34. Bf4 Rf8 35. Bxd6 Rxd6 1/2-1/2

[Event "Llinars del Valles Tardor op 3rd"]
[Site "Llinars del Valles"]
[Date "2011.11.18"]
[Round "8"]
[White "Las Heras Maestro, Lluis"]
[Black "Olleta Tanya, Jordi"]
[Result "1-0"]
[WhiteElo "1497"]
[BlackElo "1629"]
[PlyCount "97"]
[EventDate "2011.09.30"]
[EventType "swiss"]
[EventRounds "9"]
[EventCountry "ESP"]
[SourceTitle "EXT 2013"]
[Source "ChessBase"]
[SourceDate "2012.11.22"]
[SourceVersion "1"]
[SourceVersionDate "2012.11.22"]
[SourceQuality "1"]

1. e4 e6 2. d3 Bc5 3. Nd2 Nc6 4. Ngf3 Nge7 5. g3 e5 6. Nc4 d6 7. Bg2 Bg4 8. 0-0 0-0 9. c3 a6 10. b4 Ba7 11. a4 b5 12. Ne3 Bh5 13. g4 Bg6 14. Nh4 h6 15. Nxg6 Nxg6 16. Nf5 Qf6 17. Be3 Nf4 18. Qf3 Bxe3 19. Nxe3 Ne7 20. Bh1 Qh4 21. Bg2 Neg6 22. Nf5 Qf6 23. Ra2 Nxg2 24. Kxg2 Nf4+ 25. Kh1 Kh7 26. h4 g6 27. Ne3 Qxh4+ 28. Kg1 Nh3+ 29. Kg2 Nf4+ 30. Kg1 c6 31. Rfa1 bxa4 32. Nc4 Ra7 33. Rxa4 Qh3 34. Qxh3 Nxh3+ 35. Kf1 Nf4 36. Rxa6 Rc7 37. Nb2 d5 38. f3 dxe4 39. dxe4 Rd8 40. Rd1 Rxd1+ 41. Nxd1 Rd7 42. Nb2 Rc7 43. Nc4 f6 44. Nd6 h5 45. Ne8 Rc8 46. Nxf6+ Kg7 47. g5 Ne6 48. Ra7+ Rc7 49. Ne8+ 1-0